000
00386nam a22001697a 4500
003
MPLRDC
005
20220104145304.0
008
210129b ||||| |||| 00| 0 eng d
082
_a
177 ZZL
100
_a
周志明编
245
_a
摩登厚黑学
_c
260
_a
_b
快泽
_c
300
_b
平
490
_a
迷你系列. 203
650
_a
应用心理学
942
_c
BK
_o
177 ZZL
999
_c
51236
_d
51226